000 00424nam a2200181Ia 4500
008 210210b1964 xxu||||| |||| 00| 0 eng d
041 _aeng
082 _a444/549
100 _aSTRACHEY (L)
245 _aLandmarks in french literature
260 _aLondon
_bOxford University Press
_c1964
650 _aliterature
650 _aLandmarks
650 _ain
650 _afrench
690 _aFrench
906 _a006743
999 _c129735
_d129735